BIBLIOTECA

SENCICO

Manual de soldadura fuerte / (Registro nro. 3797)

Detalles MARC
000 -LEADER
fixed length control field 00957nam a22002537a 4500
003 - CONTROL NUMBER IDENTIFIER
control field PE SENCICO BE
005 - DATE AND TIME OF LATEST TRANSACTION
control field 20251020182625.0
008 - FIXED-LENGTH DATA ELEMENTS--GENERAL INFORMATION
fixed length control field 230126b |||||||| |||| 00| 0 eng d
020 ## - INTERNATIONAL STANDARD BOOK NUMBER
International Standard Book Number 84-86108-68-3
040 ## - CATALOGING SOURCE
Original cataloging agency PE SENCICO BE
Transcribing agency PE SENCICO BE
041 ## - LANGUAGE CODE
Language code of text/sound track or separate title spa
082 ## - DEWEY DECIMAL CLASSIFICATION NUMBER
Classification number 671.52
Item number C93
100 1# - MAIN ENTRY--PERSONAL NAME
9 (RLIN) 174
Personal name Cueto, José
Relator term autor
245 1# - TITLE STATEMENT
Title Manual de soldadura fuerte /
Statement of responsibility, etc. José Cueto
250 ## - EDITION STATEMENT
Edition statement 1a ed.
260 ## - PUBLICATION, DISTRIBUTION, ETC.
Place of publication, distribution, etc. s.l. :
Name of publisher, distributor, etc. Ediciones Ceysa,
Date of publication, distribution, etc. 2006
300 ## - PHYSICAL DESCRIPTION
Extent 153 p. :
Other physical details diagrs.,
Dimensions 30 cm.
505 3# - FORMATTED CONTENTS NOTE
Formatted contents note Métodos de unión -- Los parámetros clave en soldadura fuerte -- Requerimientos de funcionamiento y criterios de diseño -- Procesos de soldadura fuerte -- Aspectos del proceso -- Calidad en soldadura fuerte -- Seguridad e higiene<br/>
650 14 - SUBJECT ADDED ENTRY--TOPICAL TERM
9 (RLIN) 175
Topical term or geographic name entry element Soldadura
650 24 - SUBJECT ADDED ENTRY--TOPICAL TERM
9 (RLIN) 96
Topical term or geographic name entry element Seguridad industrial
650 24 - SUBJECT ADDED ENTRY--TOPICAL TERM
9 (RLIN) 175
Topical term or geographic name entry element Soldadura
Form subdivision Manuales, etc.
910 ## - USER-OPTION DATA (OCLC)
-- hfp
-- hfp
942 ## - ADDED ENTRY ELEMENTS (KOHA)
Source of classification or shelving scheme Dewey Decimal Classification
Koha item type Libros
Classification part 671.52
Item part C93
Existencias
Fecha de la última vez que lo usaron Número de ingreso o de inventario Pago total Signatura topográfica completa Precio efectivo desde Tipo de documento Estado perdido Sistema de clasificación Estado dañado No es para préstamo Retirado Ubicación permanente Ubicación actual Fecha de adquisición
26/01/2023 16407   671.52/C93 26/01/2023 Libros   Dewey Decimal Classification       Biblioteca Central Lima Biblioteca Central Lima 26/01/2023